La réponse commence par K - Statistiques

Statistiques générales
  • Ce quiz a été pris 1 014 fois
  • Le résultat moyen est 15 sur 20
Statistiques - réponses
Indices Réponses % Correct
On y chante en suivant les paroles sur un écran Karaoke
99%
Ca peut être un fruit ou un oiseau Kiwi
96%
Type de pirogue à une ou deux places et pouvant se lire dans un sens comme dans l'autre Kayak
94%
Emission de télé-réalité française où les candidats doivent survivre sur une île Koh-Lanta
92%
Avertisseur sonore des voitures Klaxon
90%
Sauce faite à base de tomate Ketchup
87%
Personne qui ne peut s'empêcher de voler des choses Kleptomane
84%
Marsupial typique de l'Australie Kangourou
83%
Carburant des avions Kérosène
83%
Art martial japonais originaire d'Okinawa Karaté
81%
Sabre japonais Katana
73%
Planète d'où est originaire Superman Krypton
72%
Fête annuelle dans un village Kermesse
71%
Créature fantastique de grande taille et aux nombreux tentacules des légendes scandinaves Kraken
64%
Sport pratiqué sur l'eau avec une voile et une planche Kitesurf
62%
Instrument optique réfléchissant à l'infini et en couleurs la lumière extérieure Kaléidoscope
55%
Sport automobile se pratiquant sur des pistes de 700 à 1500 mètres Karting
55%
Matière utilisée pour les gilets pare-balles Kevlar
47%
Perroquet au plumage coloré originaire d'Asie du Sud Est et d'Océanie Kakatoès
33%
Signes d'écriture japonais Kanji
33%
Aucun quiz correspondant
Distribution des résultats
% des personnes avec chaque résultat
Percentile par nombre de réponses
Votre historique - résultats
Vous n’avez pas pris ce quiz